[Event "Memorial Francesco Greco"]
[Site "Napoli ITA"]
[Date "2015.05.07"]
[Round "4"]
[White "Guglielmi, Domenico Donato"]
[Black "Condorelli, Pietro"]
[WhiteElo "1494"]
[BlackElo "1677"]
[Result "0-1"]
[PlyCount "76"]
[EventDate "2015.04.09"]

1. d4 d5 2. c4 e6 3. Nf3 c6 4. e3 Nf6 5. Nc3 Nbd7 6. a3 a5 7. Bd3 dxc4 8. Bxc4
b5 9. Bd3 Bd6 10. Ne4 Nxe4 11. Bxe4 Bb7 12. O-O O-O 13. Qc2 Nf6 14. Ng5 Bxh2+
15. Kxh2 Ng4+ 16. Kg1 Qxg5 17. Bxh7+ Kh8 18. f3 Nf6 19. Be4 Rac8 20. Bd3 g6 21.
Qe2 Nh5 22. Qf2 Ng3 23. Rd1 Qh4 24. Qe1 Kg7 25. e4 Rh8 26. Qd2 Qh2+ 27. Kf2 Qh4
28. Qf4 Nxe4+ 29. Ke3 Nf2 30. Qxh4 Nxd1+ 31. Kd2 Rxh4 32. Kxd1 c5 33. Bxb5
Rxd4+ 34. Bd2 Rcd8 35. Rc1 Rxd2+ 36. Ke1 Rxg2 37. Rxc5 Bxf3 38. Rc3 Rd1# 0-1

[Event "Memorial Francesco Greco"]
[Site "Napoli ITA"]
[Date "2015.05.07"]
[Round "4"]
[White "Minopoli, Francesco"]
[Black "Cuccaro, Giuseppina"]
[WhiteElo "1655"]
[BlackElo "1497"]
[Result "1-0"]
[PlyCount "113"]
[EventDate "2015.04.09"]

1. c4 c5 2. g3 Nc6 3. Bg2 Nf6 4. Nc3 g6 5. e3 Bg7 6. Nge2 d6 7. O-O Be6 8. d3
Qd7 9. Rb1 Bh3 10. Nf4 Bxg2 11. Kxg2 e5 12. Nfd5 O-O 13. a3 Rad8 14. b4 cxb4
15. axb4 Ne7 16. Nxf6+ Bxf6 17. e4 Nc6 18. Nd5 Bg7 19. Be3 f5 20. b5 Ne7 21.
Bg5 Rde8 22. Bxe7 Rxe7 23. Nxe7+ Qxe7 24. Ra1 b6 25. Ra6 Qb7 26. f3 Ra8 27. Qa4
Qc7 28. Ra1 Qc5 29. Qb3 fxe4 30. dxe4 Qd4 31. Rd1 Qc5 32. Qd3 Bf8 33. Qd5+ Qxd5
34. cxd5 Bh6 35. Rda1 Rc8 36. Rxa7 Rc2+ 37. Kh3 Rb2 38. Rd7 Rxb5 39. Ra8+ Bf8
40. Rdd8 Rb3 41. Rxf8+ Kg7 42. Rfd8 Rxf3 43. Rxd6 b5 44. Ra7+ Kh6 45. Rb6 Rb3
46. Rab7 Re3 47. Rxb5 Rxe4 48. d6 Rd4 49. d7 g5 50. Rxe5 Kg6 51. Re8 g4+ 52.
Kg2 Rd2+ 53. Kf1 Rd1+ 54. Ke2 Rh1 55. d8=Q Rxh2+ 56. Ke3 Rh3 57. Kf4 1-0

[Event "Memorial Francesco Greco"]
[Site "Napoli ITA"]
[Date "2015.05.07"]
[Round "4"]
[White "Radice, Mario"]
[Black "Nardiello, Luigi"]
[WhiteElo "1896"]
[BlackElo "1945"]
[Result "1/2-1/2"]
[PlyCount "21"]
[EventDate "2015.04.09"]

1. e4 c5 2. Nf3 Nc6 3. d4 cxd4 4. Nxd4 e6 5. Nxc6 bxc6 6. c4 g6 7. Be3 Bg7 8.
Nc3 Ne7 9. Bd4 O-O 10. Bxg7 Kxg7 11. h4 1/2-1/2

[Event "Memorial Francesco Greco"]
[Site "Napoli ITA"]
[Date "2015.05.07"]
[Round "4"]
[White "Schiappoli, Dario"]
[Black "Cocchia, Umberto"]
[WhiteElo "1872"]
[BlackElo "1812"]
[Result "1/2-1/2"]
[PlyCount "89"]
[EventDate "2015.04.09"]

1. e4 e5 2. f4 exf4 3. Nf3 g5 4. h4 g4 5. Ne5 d6 6. Nxg4 Nf6 7. Nxf6+ Qxf6 8.
Nc3 Nc6 9. Bb5 Kd8 10. Bxc6 bxc6 11. d3 Rg8 12. Qf3 Bh6 13. Qf2 Bg4 14. Rf1 Ke7
15. Bxf4 Bxf4 16. Qxf4 Qxh4+ 17. g3 Qh5 18. Qf6+ Ke8 19. Kd2 Be6 20. Ne2 Qg5+
21. Rf4 Qxf6 22. Rxf6 Ke7 23. Rh6 Bg4 24. Nf4 Bf3 25. Ke3 Rxg3 26. Rxh7 d5 27.
exd5 Bxd5+ 28. Kd2 Rd8 29. Re1+ Kf8 30. Rf1 Be4 31. Rh8+ Rg8 32. Ne6+ Ke7 33.
Nxd8 Rxh8 34. Rxf7+ Kxd8 35. dxe4 Rh2+ 36. Ke3 Rxc2 37. Rf2 Rc5 38. Kd4 Ra5 39.
b4 Ra4 40. Kc5 a5 41. Rd2+ Ke7 42. Rd4 Rxa2 43. bxa5 Rxa5+ 44. Kxc6 Ra7 45.
Rd7+ 1/2-1/2

[Event "Memorial Francesco Greco"]
[Site "Napoli ITA"]
[Date "2015.05.07"]
[Round "4"]
[White "Zinnai, Graziano Matteo"]
[Black "Vannini, Aldo"]
[WhiteElo "2110"]
[BlackElo "1744"]
[Result "1-0"]
[PlyCount "83"]
[EventDate "2015.04.09"]

1. e4 c5 2. Nf3 Nc6 3. c4 d6 4. d4 cxd4 5. Nxd4 Nf6 6. Nc3 a6 7. f3 e6 8. Be3
Nxd4 9. Qxd4 Bd7 10. Be2 Be7 11. O-O O-O 12. Rad1 Qc7 13. f4 Bc6 14. Bf3 Rad8
15. Rc1 Qb8 16. Rfd1 Rfe8 17. b4 b5 18. cxb5 axb5 19. a4 e5 20. Qd3 bxa4 21. b5
Bd7 22. Ra1 Be6 23. Nd5 Nd7 24. Rxa4 Bxd5 25. exd5 exf4 26. Bd4 Bf6 27. Bxf6
Nxf6 28. Rxf4 Qb6+ 29. Kh1 Rc8 30. h3 Qf2 31. Rc4 Re1+ 32. Kh2 Rce8 33. Rxe1
Qxe1 34. Qc3 Qxc3 35. Rxc3 g5 36. Rc6 Rd8 37. b6 Kg7 38. b7 Rb8 39. Rc7 h5 40.
g4 hxg4 41. hxg4 Ne8 42. Rc8 1-0

[Event "Memorial Francesco Greco"]
[Site "Napoli ITA"]
[Date "2015.05.14"]
[Round "5"]
[White "Angelotti, Mario"]
[Black "Radice, Mario"]
[WhiteElo "1705"]
[BlackElo "1896"]
[Result "1/2-1/2"]
[PlyCount "78"]
[EventDate "2015.04.09"]

1. e4 e5 2. Nf3 Nf6 3. Nxe5 d6 4. Nf3 Nxe4 5. Qe2 Qe7 6. d3 Nf6 7. Be3 Bg4 8.
Nbd2 Nd5 9. O-O-O Nxe3 10. Qxe3 Qxe3 11. fxe3 Nc6 12. h3 Be6 13. Nb3 Be7 14.
Nbd4 O-O 15. g4 Nb4 16. a3 Nd5 17. Re1 g6 18. Nxe6 fxe6 19. Nd4 e5 20. Bg2 c6
21. Nb3 Rf2 22. Bxd5+ cxd5 23. h4 Rc8 24. c3 Rcf8 25. g5 Bd8 26. Nd2 Bb6 27. e4
dxe4 28. Nxe4 R2f3 29. Nxd6 Rxd3 30. Nc4 Rf2 31. Rxe5 Bc7 32. Re8+ Kf7 33. Rhe1
Rd7 34. Rh8 Kg7 35. Ree8 Bf4+ 36. Kb1 Rd1+ 37. Ka2 Rd5 38. Rhg8+ Kf7 39. Rgf8+
Kg7 1/2-1/2

[Event "Memorial Francesco Greco"]
[Site "Napoli ITA"]
[Date "2015.05.14"]
[Round "5"]
[White "Baccelliere, Donato"]
[Black "Minopoli, Francesco"]
[WhiteElo "1467"]
[BlackElo "1655"]
[Result "1/2-1/2"]
[PlyCount "29"]
[EventDate "2015.04.09"]

1. e4 c5 2. Nf3 g6 3. d4 cxd4 4. Nxd4 Bg7 5. c4 Nc6 6. Be3 Nf6 7. Nc3 d6 8. Be2
Qa5 9. Rc1 Nxe4 10. a3 Nxc3 11. Rxc3 O-O 12. O-O Nxd4 13. Bxd4 Bh6 14. b4 Qc7
15. Re1 1/2-1/2

[Event "Memorial Francesco Greco"]
[Site "Napoli ITA"]
[Date "2015.05.14"]
[Round "5"]
[White "Basso, Lorenzo"]
[Black "Baltzopoulos, Giorgos"]
[WhiteElo "1901"]
[BlackElo "1986"]
[Result "0-1"]
[PlyCount "52"]
[EventDate "2015.04.09"]

1. e4 c5 2. Nc3 Nc6 3. f4 g6 4. Nf3 Bg7 5. Bc4 e6 6. O-O Nge7 7. a4 d5 8. exd5
exd5 9. Ba2 O-O 10. Ne2 Bg4 11. c3 Re8 12. d4 cxd4 13. Nexd4 Nxd4 14. cxd4 Nf5
15. Qb3 Bxf3 16. Qxf3 Re4 17. Rd1 Nxd4 18. Qd3 Qh4 19. Bd2 Qh5 20. Bc3 Ne2+ 21.
Kh1 Nxf4 22. Qf1 Rae8 23. g3 Re2 24. h4 Bxc3 25. Qxf4 Be5 26. Qg5 Qf3+ 0-1

[Event "Memorial Francesco Greco"]
[Site "Napoli ITA"]
[Date "2015.05.14"]
[Round "5"]
[White "Buiano, Fabio"]
[Black "Schiappoli, Dario"]
[WhiteElo "2067"]
[BlackElo "1872"]
[Result "1-0"]
[PlyCount "33"]
[EventDate "2015.04.09"]

1. e4 c5 2. Nc3 Nc6 3. Bb5 Nd4 4. Ba4 Qa5 5. Nf3 b5 6. Nxd4 cxd4 7. Nxb5 a6 8.
b4 Qb6 9. Na3 Bb7 10. O-O e6 11. d3 Bxb4 12. Nc4 Qc7 13. Rb1 Bc5 14. Bd2 Ne7
15. Qh5 Rb8 16. Ba5 Qc8 17. Bb6 1-0

[Event "Memorial Francesco Greco"]
[Site "Napoli ITA"]
[Date "2015.05.14"]
[Round "5"]
[White "Cocchia, Umberto"]
[Black "Zinnai, Graziano Matteo"]
[WhiteElo "1812"]
[BlackElo "2110"]
[Result "1/2-1/2"]
[PlyCount "57"]
[EventDate "2015.04.09"]

1. e4 c5 2. Nf3 a6 3. c4 Nc6 4. d4 cxd4 5. Nxd4 Nf6 6. Nc3 e5 7. Nf5 d6 8. Bd3
Bxf5 9. exf5 d5 10. cxd5 Nxd5 11. O-O Nxc3 12. bxc3 Bc5 13. Kh1 Qd5 14. Qe2 Qd6
15. f4 Rd8 16. Bc2 O-O 17. Qg4 f6 18. Bb3+ Kh8 19. Be6 Qd3 20. Bb2 Qc2 21. Rab1
Be3 22. Ba3 Bxf4 23. Rxb7 Bh6 24. Bxf8 Rxf8 25. Rd1 Qxc3 26. Qc4 Qxc4 27. Bxc4
a5 28. Rdd7 e4 29. Rf7 1/2-1/2

[Event "Memorial Francesco Greco"]
[Site "Napoli ITA"]
[Date "2015.05.14"]
[Round "5"]
[White "Ficco, Corrado"]
[Black "De Rosa, Francesco"]
[WhiteElo "2045"]
[BlackElo "1938"]
[Result "0-1"]
[PlyCount "64"]
[EventDate "2015.04.09"]

1. Nf3 d5 2. d4 c6 3. c4 Nf6 4. Nbd2 Bf5 5. e3 e6 6. Be2 Nbd7 7. Qb3 Qb6 8. c5
Qc7 9. h3 Be7 10. Nh4 Ne4 11. Nxf5 exf5 12. Qc2 b6 13. Nxe4 fxe4 14. cxb6 axb6
15. Bd2 O-O 16. O-O f5 17. Rfc1 Rf6 18. b4 Ra3 19. Bb5 Nb8 20. Qb2 Qa7 21. Bf1
b5 22. Rc3 Ra4 23. Rcc1 Nd7 24. a3 Nb6 25. Rcb1 Bf8 26. Bc3 Bd6 27. Qc1 Qf7 28.
Be1 f4 29. Qxc6 fxe3 30. Qc2 exf2+ 31. Bxf2 Rxf2 32. Qxf2 Bh2+ 0-1

[Event "Memorial Francesco Greco"]
[Site "Napoli ITA"]
[Date "2015.05.14"]
[Round "5"]
[White "Ghiani, Marco"]
[Black "Baccelliere, Antonio"]
[WhiteElo "1733"]
[BlackElo "1695"]
[Result "1-0"]
[PlyCount "67"]
[EventDate "2015.04.09"]

1. c4 c5 2. Nc3 Nc6 3. Nf3 Nf6 4. d4 d6 5. dxc5 dxc5 6. Qxd8+ Kxd8 7. Bf4 a6 8.
O-O-O+ Ke8 9. e4 e6 10. e5 Ng4 11. Ne4 f5 12. exf6 Nxf6 13. Bd3 Nb4 14. Nc3 Be7
15. Bb1 Bd7 16. Rhe1 h6 17. Bg6+ Kf8 18. Ne5 Be8 19. Bxe8 Kxe8 20. Ng6 Kf7 21.
Nxh8+ Rxh8 22. Bd6 Ng4 23. Bxe7 Kxe7 24. Nd5+ Nxd5 25. cxd5 e5 26. f3 Nf6 27.
Rxe5+ Kd7 28. d6 Re8 29. Rxc5 Rc8 30. Rxc8 Kxc8 31. Kc2 Kd7 32. Kc3 Ne8 33. Kc4
b6 34. Kd5 1-0

[Event "Memorial Francesco Greco"]
[Site "Napoli ITA"]
[Date "2015.05.14"]
[Round "5"]
[White "Pellegrino, Carlo"]
[Black "Guglielmi, Domenico Donato"]
[WhiteElo "1599"]
[BlackElo "1494"]
[Result "1/2-1/2"]
[PlyCount "57"]
[EventDate "2015.04.09"]

1. d4 d5 2. e3 Nf6 3. c4 c6 4. Nd2 Nbd7 5. Ngf3 Nb6 6. b3 Bg4 7. Qc2 e6 8. Bd3
Bb4 9. a3 Bd6 10. c5 Bc7 11. cxb6 Bxb6 12. Bb2 O-O 13. h3 Bh5 14. Ng5 Bg6 15.
h4 Bxd3 16. Qxd3 h6 17. Ndf3 hxg5 18. hxg5 Ne4 19. Qf1 Nxg5 20. Rh5 f6 21. Nxg5
fxg5 22. Qe2 Qf6 23. f3 Qg6 24. g4 Kf7 25. O-O-O Ke7 26. a4 Kd7 27. Rdh1 Rae8
28. b4 a5 29. Ba3 1/2-1/2

[Event "Memorial Francesco Greco"]
[Site "Napoli ITA"]
[Date "2015.05.14"]
[Round "5"]
[White "Pellegrino, Giovanni"]
[Black "Auletta, Pasquale"]
[WhiteElo "1394"]
[BlackElo "1604"]
[Result "1-0"]
[PlyCount "41"]
[EventDate "2015.04.09"]

1. d4 Nf6 2. Nf3 e6 3. e3 b6 4. Bd3 Bb7 5. Nbd2 Be7 6. O-O O-O 7. e4 d6 8. c3
c5 9. Qe2 Nbd7 10. e5 dxe5 11. Nxe5 Nxe5 12. dxe5 Qd5 13. f4 Nh5 14. Be4 Nxf4
15. Rxf4 Qxe5 16. Bxh7+ Kxh7 17. Qxe5 Bf6 18. Qe2 Rh8 19. Ne4 Be5 20. Qh5+ Kg8
21. Qxf7+ 1-0

[Event "Memorial Francesco Greco"]
[Site "Napoli ITA"]
[Date "2015.05.14"]
[Round "5"]
[White "Vannini, Aldo"]
[Black "Somma, Erminio"]
[WhiteElo "1744"]
[BlackElo "1520"]
[Result "1-0"]
[PlyCount "51"]
[EventDate "2015.04.09"]

1. e4 d5 2. exd5 Qxd5 3. Nf3 Bg4 4. Be2 e6 5. O-O Nd7 6. d4 c5 7. c4 Qc6 8. d5
exd5 9. cxd5 Qc7 10. Nc3 a6 11. Re1 Bd6 12. h3 Bxf3 13. Bxf3+ Ne7 14. Be3 Nf6
15. Rc1 b6 16. Bg5 O-O-O 17. Qa4 Kb7 18. b4 Qd7 19. Qxd7+ Rxd7 20. bxc5 Bxc5
21. d6+ Nc6 22. Bxf6 gxf6 23. Ne4 f5 24. Nxc5+ bxc5 25. Rb1+ Ka7 26. Bxc6 1-0

[Event "Memorial Francesco Greco"]
[Site "Napoli ITA"]
[Date "2015.05.15"]
[Round "6"]
[White "Angelotti, Mario"]
[Black "Solombrino, Giovanni"]
[WhiteElo "1705"]
[BlackElo "1819"]
[Result "0-1"]
[PlyCount "80"]
[EventDate "2015.04.09"]

1. e4 c5 2. Nc3 Nc6 3. f4 g6 4. Nf3 Bg7 5. Bc4 e6 6. O-O Nge7 7. a4 O-O 8. d3
d5 9. Ba2 b6 10. Qe1 Nd4 11. Qf2 Bb7 12. e5 Nxf3+ 13. Qxf3 Qd7 14. Bb1 f6 15.
exf6 Bxf6 16. Qg4 Nf5 17. Ne2 Rae8 18. c3 Kg7 19. Bc2 Qe7 20. Bd2 e5 21. Rae1
Nh6 22. Qh3 Bc8 23. f5 Nxf5 24. g4 Bg5 25. Bc1 Nh6 26. Qg3 Bh4 27. Bxh6+ Kxh6
28. Qh3 Qg5 29. Ng3 Bxg4 30. Qg2 Rxf1+ 31. Rxf1 Qe3+ 32. Kh1 Bxg3 33. hxg3 Qe2
34. Rf2 Qe3 35. Qg1 Bf3+ 36. Kh2 Rf8 37. Rg2 Qg5 38. Kh1 Qh5+ 39. Qh2 Bxg2+ 40.
Kxg2 Rf2+ 0-1

[Event "Memorial Francesco Greco"]
[Site "Napoli ITA"]
[Date "2015.05.21"]
[Round "6"]
[White "Baltzopoulos, Giorgos"]
[Black "De Rosa, Francesco"]
[WhiteElo "1986"]
[BlackElo "1938"]
[Result "1/2-1/2"]
[PlyCount "138"]
[EventDate "2015.04.09"]

1. d4 d6 2. Nf3 Nf6 3. c4 g6 4. Nc3 Bg7 5. e4 O-O 6. h3 e5 7. dxe5 dxe5 8. Qxd8
Rxd8 9. Bg5 Re8 10. Nd5 Nxd5 11. cxd5 Bd7 12. Bc4 b5 13. Be2 f6 14. Be3 Bf8 15.
O-O c6 16. Rfc1 a5 17. Nd2 cxd5 18. exd5 f5 19. f3 a4 20. Rc7 Bd6 21. Rb7 Bc8
22. Ra7 Rxa7 23. Bxa7 Bd7 24. Rc1 Na6 25. Nb1 Ra8 26. Be3 Kg7 27. Na3 Rb8 28.
Kf2 f4 29. Bd2 Bc5+ 30. Kf1 Bd4 31. Bc3 Bxc3 32. bxc3 Nc7 33. c4 bxc4 34. Bxc4
Kf6 35. Rb1 Rxb1+ 36. Nxb1 Bb5 37. Bxb5 Nxb5 38. Ke2 Ke7 39. Kd3 Kd6 40. Kc4
Nc7 41. Nc3 h6 42. Ne4+ Kd7 43. a3 g5 44. Kc5 Na6+ 45. Kb6 Nc7 46. Kc5 Na6+ 47.
Kc4 Nc7 48. Nc5+ Kd6 49. Nb7+ Kd7 50. Kc5 Na6+ 51. Kb6 Nc7 52. Nc5+ Kd6 53.
Nxa4 Nxd5+ 54. Kb7 h5 55. Nb2 Kc5 56. a4 Nb4 57. Kc7 Kd4 58. a5 e4 59. fxe4
Kxe4 60. Kd6 g4 61. hxg4 hxg4 62. Kc5 Na6+ 63. Kb6 f3 64. gxf3+ Kxf3 65. Kxa6
Ke2 66. Kb7 g3 67. a6 g2 68. a7 g1=Q 69. a8=Q Qg2+ 1/2-1/2

[Event "Memorial Francesco Greco"]
[Site "Napoli ITA"]
[Date "2015.05.15"]
[Round "6"]
[White "Buiano, Fabio"]
[Black "Esposito, Luca"]
[WhiteElo "2067"]
[BlackElo "2209"]
[Result "0-1"]
[PlyCount "76"]
[EventDate "2015.04.09"]

1. e4 d6 2. d4 Nf6 3. Nc3 g6 4. Nf3 Bg7 5. h3 O-O 6. Be3 c6 7. a4 Qc7 8. Qd2
Nbd7 9. Be2 b6 10. O-O a6 11. Rad1 b5 12. axb5 axb5 13. Bd3 b4 14. Ne2 c5 15.
b3 cxd4 16. Bxd4 Ba6 17. Qxb4 Bxd3 18. cxd3 Rfb8 19. Qc4 Qb7 20. Ra1 Rxa1 21.
Rxa1 Qxb3 22. Qxb3 Rxb3 23. Ra8+ Nf8 24. e5 N6d7 25. exd6 exd6 26. Bxg7 Kxg7
27. Nf4 Ne5 28. Nd2 Rb4 29. g3 Nfd7 30. Ra7 Nc5 31. Ra3 g5 32. Nh5+ Kg6 33. g4
f5 34. f3 fxg4 35. fxg4 Nxg4 36. hxg4 Rxg4+ 37. Kf2 Kxh5 38. Nf3 Ra4 0-1

[Event "Memorial Francesco Greco"]
[Site "Napoli ITA"]
[Date "2015.05.15"]
[Round "6"]
[White "Caiazzo, Diego"]
[Black "Vannini, Aldo"]
[WhiteElo "1718"]
[BlackElo "1744"]
[Result "0-1"]
[PlyCount "166"]
[EventDate "2015.04.09"]

1. d4 d5 2. Nf3 Nf6 3. e3 Bg4 4. Be2 e6 5. O-O Be7 6. b3 O-O 7. Bb2 Nbd7 8.
Nbd2 c6 9. c4 Qc7 10. h3 Bh5 11. Qc2 Bg6 12. Bd3 Bxd3 13. Qxd3 a5 14. c5 b6 15.
cxb6 Qxb6 16. Qc2 c5 17. Rfc1 cxd4 18. Bxd4 Qa6 19. a3 Rfc8 20. Qb2 Bf8 21.
Rxc8 Rxc8 22. Rc1 Rc6 23. Ne5 Nxe5 24. Bxe5 Nd7 25. Rxc6 Qxc6 26. Bc3 Bxa3 27.
Qa1 Bb4 28. Bxb4 axb4 29. Qa5 Qc5 30. Nf1 Qc3 31. Qa4 Nf8 32. g3 g6 33. Kg2 h5
34. h4 Kg7 35. Nh2 Nh7 36. Nf3 e5 37. Ng1 d4 38. exd4 exd4 39. Ne2 Qc5 40. Nf4
Nf6 41. Nd3 Qf5 42. Qa6 Qd5+ 43. Kh2 Qxb3 44. Nc5 Qf3 45. Nd3 Ng4+ 46. Kg1 b3
47. Qc4 Qf6 48. Qxb3 Ne5 49. Nf4 Qc6 50. Qd1 Nf3+ 51. Kf1 Qe4 52. Nd3 Ne5 53.
Nxe5 Qxe5 54. Qd3 f5 55. Qf3 Qe4 56. Qa3 d3 57. Qb2+ Kf7 58. Qa2+ Kf6 59. Qa1+
Ke6 60. Qa6+ Ke5 61. Qb5+ Kd6 62. Qa6+ Kc5 63. Qa3+ Kc4 64. Qc1+ Kd5 65. Kg1
Qe2 66. Qa1 Qc2 67. Qa8+ Kc4 68. Qa6+ Kb3 69. Qb5+ Ka2 70. Qa5+ Kb2 71. Qe5+
Kb1 72. Qb8+ Qb2 73. Qd6 d2 74. Qd3+ Kc1 75. Qe3 Qb4 76. Kh2 Qe4 77. Qc3+ Kd1
78. f3 Qe2+ 79. Kg1 Ke1 80. f4 Qf2+ 81. Kh1 Kf1 82. Qa1+ Qe1 83. Qa6+ Kf2+ 0-1

[Event "Memorial Francesco Greco"]
[Site "Napoli ITA"]
[Date "2015.05.15"]
[Round "6"]
[White "Cocchia, Umberto"]
[Black "Basso, Lorenzo"]
[WhiteElo "1812"]
[BlackElo "1901"]
[Result "1/2-1/2"]
[PlyCount "40"]
[EventDate "2015.04.09"]

1. e4 c6 2. d4 g6 3. Nf3 Bg7 4. Nc3 d5 5. h3 Nh6 6. Bd3 O-O 7. O-O f6 8. exd5
cxd5 9. Qe2 Nf7 10. Bf4 Nc6 11. Bb5 Re8 12. Rab1 a6 13. Ba4 e6 14. Rfe1 b5 15.
Bb3 Nd6 16. Bxd6 Qxd6 17. Nxd5 Na5 18. Nc3 Nxb3 19. axb3 Bb7 20. Ne4 Qf4
1/2-1/2

[Event "Memorial Francesco Greco"]
[Site "Napoli ITA"]
[Date "2015.05.15"]
[Round "6"]
[White "Di Giovine, Massimo"]
[Black "Condorelli, Pietro"]
[WhiteElo "1437"]
[BlackElo "1677"]
[Result "0-1"]
[PlyCount "94"]
[EventDate "2015.04.09"]

1. d4 d5 2. e3 e6 3. c4 c6 4. Nc3 Nf6 5. a3 a5 6. Nf3 Nbd7 7. c5 b6 8. cxb6
Qxb6 9. Bd3 Bd6 10. O-O O-O 11. Qc2 Ba6 12. Bxa6 Qxa6 13. Bd2 c5 14. dxc5 Nxc5
15. Ne2 Qxe2 16. Nd4 Qd3 17. Rac1 Nfe4 18. Qxd3 Nxd3 19. Rc2 Rac8 20. Rxc8 Rxc8
21. Bxa5 Nxb2 22. Bb4 Nc4 23. Rc1 Bxb4 24. axb4 Rb8 25. Rb1 Ned6 26. g3 h6 27.
Nc6 Rb6 28. Nd4 Nb5 29. Nf3 Nba3 30. Rb3 Nc2 31. b5 N2a3 32. Nd4 e5 33. Nc6
Rxb5 34. Rxb5 Nxb5 35. Ne7+ Kf8 36. Nxd5 f5 37. f4 Nbd6 38. Kg2 Kf7 39. Kf3 e4+
40. Ke2 Kg6 41. Nc3 Kh5 42. h3 g5 43. Nd5 Kg6 44. g4 gxf4 45. exf4 fxg4 46.
hxg4 Kf7 47. f5 Nb5 {...} 0-1

[Event "Memorial Francesco Greco"]
[Site "Napoli ITA"]
[Date "2015.05.15"]
[Round "6"]
[White "Esposito, Rosario"]
[Black "Nardiello, Luigi"]
[WhiteElo "1813"]
[BlackElo "1945"]
[Result "1-0"]
[PlyCount "39"]
[EventDate "2015.04.09"]

1. d4 Nf6 2. c4 c5 3. d5 e6 4. Nc3 exd5 5. cxd5 d6 6. e4 g6 7. Bb5+ Nbd7 8. f4
Bg7 9. e5 Qe7 10. Qe2 dxe5 11. fxe5 Nh5 12. e6 fxe6 13. dxe6 O-O 14. exd7 Qh4+
15. g3 Nxg3 16. Qc4+ Qxc4 17. Bxc4+ Kh8 18. dxc8=Q Nxh1 19. Qxa8 Rxa8 20. Bd2
1-0

[Event "Memorial Francesco Greco"]
[Site "Napoli ITA"]
[Date "2015.05.21"]
[Round "6"]
[White "Guglielmi, Domenico Donato"]
[Black "Minopoli, Francesco"]
[WhiteElo "1494"]
[BlackElo "1655"]
[Result "1/2-1/2"]
[PlyCount "56"]
[EventDate "2015.04.09"]

1. d4 Nf6 2. c4 g6 3. Nc3 Bg7 4. Nf3 d6 5. e4 O-O 6. Be2 Nbd7 7. h3 c5 8. Be3
b6 9. Qd2 cxd4 10. Nxd4 Bb7 11. Bd3 Nc5 12. f3 Nfd7 13. O-O-O Nxd3+ 14. Qxd3
Ne5 15. Qe2 Qd7 16. f4 Nc6 17. Nxc6 Bxc6 18. Bd4 f6 19. Rhf1 Rac8 20. f5 g5 21.
h4 h6 22. hxg5 fxg5 23. Bxg7 Kxg7 24. Rh1 Qe8 25. Qd3 Qf7 26. Qh3 Qf6 27. Qd3
Qe5 28. Rhe1 Rf6 1/2-1/2

[Event "Memorial Francesco Greco"]
[Site "Napoli ITA"]
[Date "2015.05.15"]
[Round "6"]
[White "Schiappoli, Dario"]
[Black "Pellegrino, Giovanni"]
[WhiteElo "1872"]
[BlackElo "1394"]
[Result "1-0"]
[PlyCount "71"]
[EventDate "2015.04.09"]

1. e4 e6 2. d4 d5 3. e5 c5 4. Bd3 Bd7 5. Nf3 Nc6 6. O-O Qb6 7. Ng5 h6 8. Nxf7
Kxf7 9. Qh5+ Ke7 10. Qh4+ Kf7 11. f4 Nge7 12. g4 Nxd4 13. Qf2 Nec6 14. c3 c4
15. cxd4 cxd3 16. f5 exf5 17. Be3 g6 18. Nc3 Be6 19. gxf5 gxf5 20. Qh4 Rg8+ 21.
Kh1 Qd8 22. Qh5+ Ke7 23. Rxf5 Bxf5 24. Qxf5 Ke8 25. Qe6+ Ne7 26. Rf1 Rg6 27.
Qf7+ Kd7 28. Nxd5 Rg7 29. Nf6+ Kc7 30. Qc4+ Kb8 31. e6 Ng6 32. Nd7+ Rxd7 33.
exd7 Qxd7 34. Rxf8+ Nxf8 35. Bf4+ Qd6 36. Bxd6# 1-0

[Event "Memorial Francesco Greco"]
[Site "Napoli ITA"]
[Date "2015.05.15"]
[Round "6"]
[White "Seletsky, Grigory"]
[Black "Ficco, Corrado"]
[WhiteElo "2324"]
[BlackElo "2045"]
[Result "1-0"]
[PlyCount "45"]
[EventDate "2015.04.09"]

1. e4 c5 2. Nf3 d6 3. d4 cxd4 4. Nxd4 Nf6 5. Nc3 g6 6. Be3 Bg7 7. f3 O-O 8. Qd2
Nc6 9. O-O-O Bd7 10. h4 a6 11. g4 Rc8 12. h5 Ne5 13. hxg6 fxg6 14. Bh6 Nc4 15.
Bxc4+ Rxc4 16. Bxg7 Kxg7 17. Qh6+ Kg8 18. g5 Nh5 19. Rxh5 gxh5 20. g6 hxg6 21.
Qxg6+ Kh8 22. Rh1 Rc5 23. Nd5 1-0

[Event "Memorial Francesco Greco"]
[Site "Napoli ITA"]
[Date "2015.05.15"]
[Round "6"]
[White "Taurisano, Vincenzo"]
[Black "De Rosa, Fabrizio"]
[WhiteElo "1869"]
[BlackElo "1398"]
[Result "1-0"]
[PlyCount "59"]
[EventDate "2015.04.09"]

1. Nc3 e5 2. e4 Nf6 3. Bc4 Bc5 4. Nf3 d6 5. O-O O-O 6. d4 exd4 7. Nxd4 h6 8.
Kh1 Bd7 9. f4 Nc6 10. Nf3 Na5 11. Bd3 Qe7 12. e5 dxe5 13. fxe5 Ng4 14. Nd5 Qe8
15. b4 c6 16. bxc5 cxd5 17. h3 Qe7 18. hxg4 Bxg4 19. Qe1 Rfe8 20. Bb2 Qxc5 21.
Qg3 Be6 22. Nh4 Qf8 23. Nf5 Kh8 24. Ba3 Qg8 25. Ne7 Rxe7 26. Bxe7 Qe8 27. Bd6
Qd7 28. Rab1 Nc4 29. Qf4 Nxd6 30. exd6 1-0

[Event "I Open Sociale Caissa"]
[Site "Napoli ITA"]
[Date "2015.06.04"]
[Round "1"]
[White "Angelotti, Mario"]
[Black "Zinnai, Graziano Matteo"]
[WhiteElo "1694"]
[BlackElo "2085"]
[Result "0-1"]
[PlyCount "46"]
[EventDate "2015.06.04"]

1. e4 e6 2. d4 d5 3. Nd2 c5 4. exd5 Qxd5 5. Ngf3 cxd4 6. Bc4 Qc5 7. Qe2 Nc6 8.
Nb3 Qb6 9. Bf4 Bb4+ 10. Nfd2 Nf6 11. O-O O-O 12. Rad1 Re8 13. a3 Bf8 14. Nf3 e5
15. Bd2 h6 16. c3 e4 17. Nfxd4 Bg4 18. Qe1 Bxd1 19. Qxd1 Ne5 20. Bb5 Red8 21.
Be3 Qc7 22. Qc2 Neg4 23. Nf5 Qxh2# 0-1

[Event "I Open Sociale Caissa"]
[Site "Napoli ITA"]
[Date "2015.06.04"]
[Round "1"]
[White "De Rosa, Francesco"]
[Black "Pellegrino, Carlo"]
[WhiteElo "1971"]
[BlackElo "1542"]
[Result "1-0"]
[PlyCount "83"]
[EventDate "2015.06.04"]

1. d4 Nf6 2. c4 e6 3. Nf3 Bb4+ 4. Bd2 Qe7 5. Qc2 Nc6 6. a3 Bxd2+ 7. Nbxd2 d6 8.
e3 e5 9. d5 Nb8 10. Bd3 a5 11. O-O h6 12. b4 Na6 13. h3 O-O 14. Rab1 Re8 15.
Ne4 Bd7 16. Nxf6+ Qxf6 17. Nd2 Qe7 18. Rfc1 Rec8 19. c5 c6 20. dxc6 bxc6 21.
Bxa6 Rxa6 22. Qd3 Raa8 23. cxd6 Qe8 24. Nc4 g6 25. Nb6 Bf5 26. e4 Bd7 27. Nxc8
Qxc8 28. bxa5 Rxa5 29. Qc3 Qa8 30. Rd1 f6 31. Rb8+ Qxb8 32. Qxa5 Kf7 33. Qc5
Qb3 34. Rc1 Qd3 35. Rc3 Qxe4 36. Rb3 Ke6 37. Qa7 Kxd6 38. Qb8+ Ke6 39. Qg8+ Kd6
40. Rb7 c5 41. Rb6+ Kc7 42. Qb8# 1-0

[Event "I Open Sociale Caissa"]
[Site "Napoli ITA"]
[Date "2015.06.04"]
[Round "1"]
[White "Ficco, Corrado"]
[Black "Fortuna, Armando"]
[WhiteElo "2035"]
[BlackElo "1608"]
[Result "1-0"]
[PlyCount "53"]
[EventDate "2015.06.04"]

1. e4 e5 2. Nf3 Nc6 3. Bb5 a6 4. Ba4 Nf6 5. Qe2 b5 6. Bb3 Bc5 7. c3 O-O 8. O-O
d6 9. d3 Na5 10. Bc2 Ba7 11. b4 Nb7 12. a4 c5 13. axb5 axb5 14. Na3 Bb6 15. Bg5
Bd7 16. d4 cxb4 17. cxb4 exd4 18. Nxb5 Rxa1 19. Rxa1 h6 20. Bh4 Bxb5 21. Qxb5
Qc7 22. Bxf6 gxf6 23. Bd3 Rb8 24. Re1 Nd8 25. Qf5 Nc6 26. Rc1 Ne7 27. Qg4+ 1-0

[Event "I Open Sociale Caissa"]
[Site "Napoli ITA"]
[Date "2015.06.04"]
[Round "1"]
[White "Freda, Guido"]
[Black "Supino, Domenico"]
[WhiteElo "1578"]
[BlackElo "2021"]
[Result "0-1"]
[PlyCount "54"]
[EventDate "2015.06.04"]

1. e4 c5 2. Nf3 Nc6 3. d4 cxd4 4. Nxd4 Qb6 5. Nxc6 bxc6 6. Nc3 e5 7. Bd3 Nf6 8.
Qf3 Be7 9. O-O d6 10. h3 O-O 11. b3 Be6 12. Na4 Qc7 13. c4 d5 14. cxd5 cxd5 15.
Bb2 d4 16. Rac1 Qa5 17. Qe2 Rac8 18. Rxc8 Rxc8 19. f4 Bd6 20. fxe5 Bxe5 21. Rd1
Qb4 22. Kh1 Bd7 23. Bc4 Bxa4 24. a3 Qb6 25. Rc1 Bd7 26. Bxf7+ Kxf7 27. Rxc8
Bxc8 0-1